000 00403nam a2200157Ia 4500
008 230917s9999||||xx |||||||||||||| ||und||
040 _e84299
_aMAIN
041 _aEnglish
082 _a616.8914 G18H
100 _aGarfield, Sol L, ed.
245 0 _aHandbook of psychotherapy and behavior change
250 _a3rd ed.
260 _aNew York
_bJohn Wiley
_c1986
300 _axvi, 886 p.
942 _cBK
999 _c85820
_d85820